Lola Falcón: por las calles del mundo
Uloženo v:
| Hlavní autor: | |
|---|---|
| Další autoři: | |
| Médium: | Kniha |
| Jazyk: | španělština |
| Vydáno: |
Santiago
Universidad Diego Portales
2013
Santiago CENFOTO 2013 |
| Témata: | |
| Tagy: |
Přidat tag
Žádné tagy, Buďte první, kdo vytvoří štítek k tomuto záznamu!
|
MARC
| LEADER | 00000cam a2200000 a 4500 | ||
|---|---|---|---|
| 001 | UCF6992 | ||
| 003 | CL-VaPUC | ||
| 008 | 130530e20130100CL |||||||||||||||||spa|d | ||
| 020 | |a 9789568137052 | ||
| 082 | 0 | 4 | |a 770.983 |b AGU |2 21 |
| 100 | 0 | |a Aguad Chacur, Andrea |e author |9 568962 | |
| 700 | |a Délano, Poli |e autor |9 316203 | ||
| 245 | 1 | 0 | |a Lola Falcón: por las calles del mundo |
| 300 | |a 180 p | ||
| 942 | |c BK | ||
| 945 | |d 20130530 00:00:00 |a dcastane | ||
| 260 | |a Santiago |b Universidad Diego Portales |c 2013 | ||
| 260 | |a Santiago |b CENFOTO |c 2013 | ||
| 650 | 0 | |a Fotografías |9 268494 | |
| 650 | 0 | |a Fotografías artísticas |9 535989 | |
| 650 | 0 | |a Fotógrafos |9 327623 | |
| 583 | |a last modification |c 20190701 09:34:06 |k Rodrigo Vera | ||
| 999 | |c 351961 |d 351959 | ||
| 952 | |0 0 |1 0 |4 0 |6 770_983000000000000_AGU_2013_2013 |7 0 |8 R |9 456430 |a BIBART |b BIBART |d 2019-11-22 |i 4975944 |o 770.983 AGU 2013 2013 |p 4975944 |r 2025-03-13 |w 2019-11-22 |y BK_R |k ART | ||
| 952 | |0 0 |1 0 |4 0 |6 770_983000000000000_AGU_2013_2013 |7 0 |8 A |9 456431 |a BIBARQ |b BIBARQ |d 2019-11-22 |i 4975936 |l 1 |o 770.983 AGU 2013 2013 |p 4975936 |r 2025-01-20 |s 2023-11-28 |w 2019-11-22 |y BK |k ARQ | ||